000 01015nam a22003257a 4500
001 BR0201158
003 BR-BrBNA
005 20230928101018.0
007 ta
008 230509b bl.||||| |||| 00| 0 por d
040 _aBR-BrBNA
_bpor
_cBiblioteca Nacional de Agricultura
041 _a(Por)
072 _aF62
_b1530
_b3575
090 _ 1530 BR0201158
100 1 _aPerleberg, C.S.
110 1 _aEscola Superior de Agricultura Luiz de Queiroz, Piracicaba, SP (Brasil)
_0Tese (Doutor em Agronomia)
245 1 _aUso de fluorescencia de clorofila para avaliar a qualidade fisiologica de sementes de cenoura
260 3 _aPiracicaba, SP (Brasil):
_c2001.
300 _a37 p.
500 _aSummaries (Eng, Por); Bibliography p. 32-37; 5 illus.; 5 tables
650 _aCenoura
650 _aSemente
650 _aFisiologia Vegetal
650 _aGerminacao
650 _aClorofila
650 _aEmbriao Vegetal
650 _aTeste de Vigor
909 _a202309
_bLucia
_c55
_dLucia Elande
942 _cBK
999 _c63862
_d63862